Közlekedés, lakásépítés, városfejlesztés Sipos Géza a Textilművek pártnapján
Elmentve itt :
| Dokumentumtípus: | Cikk |
|---|---|
| Megjelent: |
1974-02-13
|
| Sorozat: | Délmagyarország
64 No. 36 |
| Kulcsszavak: | Sipos Géza, Textilművek |
| Online Access: | http://dmarchiv.bibl.u-szeged.hu/99770 |
| LEADER | 00472nab a2200145 i 4500 | ||
|---|---|---|---|
| 001 | delm99770 | ||
| 005 | 20190416133650.0 | ||
| 008 | 190416s1974 hu o 0|| hun d | ||
| 040 | |a SZTE Délmagyarország Archívum |b hun | ||
| 041 | |a hun | ||
| 245 | 0 | 0 | |a Közlekedés, lakásépítés, városfejlesztés |h [elektronikus dokumentum] : |b Sipos Géza a Textilművek pártnapján |
| 260 | |c 1974-02-13 | ||
| 300 | |a 3 | ||
| 490 | 0 | |a Délmagyarország |v 64 No. 36 | |
| 695 | |a Sipos Géza, Textilművek | ||